Los hombres son de Marte, las mujeres son de Venus (Record no. 107269)

MARC details
000 -LEADER
campo de control de longitud fija 01689nac a2200313 a 4500
003 - IDENTIFICADOR DE NÚMERO DE CONTROL
campo de control CO-PeBPM
005 - FECHA Y HORA DE LA ÚLTIMA TRANSACCIÓN
campo de control 20260330120636.0
007 - CAMPO FIJO DE DESCRIPCIÓN FÍSICA--INFORMACIÓN GENERAL
campo de control de longitud fija ta
008 - DATOS DE LONGITUD FIJA--INFORMACIÓN GENERAL
campo de control de longitud fija 260330s2009 ck |||| |||| 00| 0 spa d
020 ## - NÚMERO INTERNACIONAL ESTÁNDAR DEL LIBRO
Número Internacional Estándar del Libro 9789706517340
040 ## - FUENTE DE CATALOGACIÓN
Centro catalogador/agencia de origen CO-PeBPM
Lengua de catalogación spa
Centro/agencia transcriptor CO-PeBPM
Normas de descripción rda
041 ## - CÓDIGO DE IDIOMA
Código de lengua del texto/banda sonora o título independiente spa
082 04 - NÚMERO DE LA CLASIFICACIÓN DECIMAL DEWEY
Número de clasificación 155.22 G779ho
Número de edición 22
100 1# - ENTRADA PRINCIPAL--NOMBRE DE PERSONA
Nombre de persona Gray, John
Término indicativo de función/relación autor
245 10 - MENCIÓN DEL TÍTULO
Título Los hombres son de Marte, las mujeres son de Venus
Mención de responsabilidad, etc. / John Gray ; traducción Alejandro Tiscornia
250 ## - MENCION DE EDICION
Mención de edición Heptagésima reimpresión
264 ## - PRODUCCIÓN, PUBLICACIÓN, DISTRIBUCIÓN, FABRICACIÓN Y COPYRIGHT
Producción, publicación, distribución, fabricación y copyright México
Nombre del de productor, editor, distribuidor, fabricante : Océano exprés
Fecha de producción, publicación, distribución, fabricación o copyright , 2009
300 ## - DESCRIPCIÓN FÍSICA
Extensión 324 páginas
Dimensiones 21 centimetros
336 ## - TIPO DE CONTENIDO
Fuente rdacontent
Término de tipo de contenido texto
Código de tipo de contenido txt
337 ## - TIPO DE MEDIO
Fuente rdamedia
Nombre/término del tipo de medio sin mediación
Código del tipo de medio n
338 ## - TIPO DE SOPORTE
Fuente rdacarrier
Nombre/término del tipo de soporte volumen
Código del tipo de soporte nc
500 ## - NOTA GENERAL
Nota general Incluye índice
520 ## - RESUMEN, ETC.
Sumario, etc. Ningún otro libro sobre las relaciones entre hombres y mujeres ha tenido tanta aceptación por parte de los lectores y ha ejercido una influencia tan profunda como éste. Para demostrarlo, bastaría mencionar sus altas cifras de venta y el hecho de que se ha traducido a prácticamente todas las lenguas existentes. Sin embargo, la mejor prueba de su importancia la encontramos en el invaluable servicio que ha prestado a las parejas, cuyas relaciones se han fortalecido, desarrollado y alcanzado la plenitud vital gracias a la sabiduría práctica desplegada por John Gray. Estamos, sin duda, ante un clásico moderno que es necesario leer y releer... tomado de la contracubierta del libro
650 17 - PUNTO DE ACCESO ADICIONAL DE MATERIA--TÉRMINO DE MATERIA
Término de materia o nombre geográfico como elemento de entrada Psicología diferencial
Fuente del encabezamiento o término LEMB
650 17 - PUNTO DE ACCESO ADICIONAL DE MATERIA--TÉRMINO DE MATERIA
Término de materia o nombre geográfico como elemento de entrada Sexo (Psicología)
Fuente del encabezamiento o término LEMB
650 17 - PUNTO DE ACCESO ADICIONAL DE MATERIA--TÉRMINO DE MATERIA
Término de materia o nombre geográfico como elemento de entrada Relaciones de pareja - Aspectos psicológicos
Fuente del encabezamiento o término LEMB
700 1# - ENTRADA AGREGADA--NOMBRE PERSONAL
Nombre de persona Tiscornia, Alejandro
Término indicativo de función/relación traducción
942 ## - ELEMENTOS DE ENTRADA SECUNDARIOS (KOHA)
Fuente del sistema de clasificación o colocación Clasificación Decimal Dewey
Suprimir en OPAC No
Tipo de ítem Koha Libros
Holdings
Estatus retirado Estado de pérdida Fuente del sistema de clasificación o colocación Estado de daño No para préstamo Colección Biblioteca de origen Biblioteca actual Ubicación en estantería Fecha de adquisición Fuente de adquisición Total de préstamos Signatura topográfica completa Código de barras Visto por última vez Copia número Precio de reemplazo Tipo de ítem Koha
    Clasificación Decimal Dewey     General BIBLIOTECA PÚBLICA MUNICIPAL RAMON CORREA MEJIA BIBLIOTECA PÚBLICA MUNICIPAL RAMON CORREA MEJIA Colección general 30/03/2022 Donación   155.22 G779ho 63587 30/03/2026 Ej. 1 30/03/2026 Libros

Powered by Koha